Etiqueta de registo: 00547nam 2200205 450
001 2207403
003 http://id.bnportugal.gov.pt/bib/catbnp/2207403
100 ## $a20250310d19501959c y0pory01030103ba
101 0# $apor
102 ## $aPT
105 ## $aa z 000fy
106 ## $ar
200 1# $a A caçada$fLisa Pina de Morais$gdes. M. Lopes da Costa
210 #9 $aBraga$cSociedade de Expansão Cultural,$d[195-]
215 ## $a56, [4] p.$cil.$d24 cm
317 ## $aBiblioteca Matilde Rosa Araújo$5PTBN: P. 72648 V.
675 ## $a087.5$vBN$zpor$3287999
675 ## $a821.134.3-93"19"$vBN$zpor$3556734
700 #1 $aMorais,$bLisa Pina de$3258901
702 #1 $92$aCosta,$bM. Lopes da$4440$31999263
801 #0 $aPT$bBN$gRPC
966 ## $lBN$mFGMON$pBiblioteca Matilde Rosa Araújo$sP. 72648 V.$x3
971 ## $cisantos$d20250310
973 ## $cigoulao$d20260424
975 ## $e0$d20260526$viquintas